Yang-Baxter equation in integrable systems

Sparad:
Bibliografiska uppgifter
Materialtyp: Bok
Språk:Vietnamese
Publicerad: World Scientific 1990
Taggar: Lägg till en tagg
Inga taggar, Lägg till första taggen!
Thư viện lưu trữ: Mạng thư viện Đại học Đà Nẵng
LEADER 00602nam a2200241 4500
001 000021581
003 18029
005 20150422100417.0
008 150422s1990 viesd
020 |c 00 
041 0 |a vie 
082 1 4 |a 530,143  |b Ya-E 
245 1 0 |a Yang-Baxter equation in integrable systems  |c editor, Michio Jimbo 
260 |b World Scientific  |c 1990 
300 |a tr.  |c cm. 
OWN |a LSP 
999 |a From the UDN01 
TYP |a Monograph 
TYP |a Printed language 
980 |a Mạng thư viện Đại học Đà Nẵng